000 00328nam a22001217a 4500
008 260424b |||||||| |||| 00| 0 eng d
082 _a001288
100 _aMande, Kanchan
245 _aWorld Index to the Upanishat Sankarabhashpa Vol 3
260 _aDelhi
_bNew Bharatiya Book Corporation
_c2021
300 _a464p
942 _2ddc
999 _c1316
_d1316